Effect of three kinds of liquid composts on green mustard under condition of greenhouse at royal university of agriculture,(ប្រសិទ្ធភាពជីកំប៉ុស្តទឹកបីប្រភេទលើដំណាំស្ពៃខៀវក្នុងលក្ខខណ្ឌផ្ទះពិសោធន៍ នែសាកលវិទ្យាល័យភូមិន្ទកសិកម្ម) (Record no. 772)

000 -LEADER
fixed length control field 00779nam a22001577a 4500
003 - CONTROL NUMBER IDENTIFIER
control field OSt
005 - DATE AND TIME OF LATEST TRANSACTION
control field 20150918170314.0
008 - FIXED-LENGTH DATA ELEMENTS--GENERAL INFORMATION
fixed length control field 150918b xxu||||| |||| 00| 0 eng d
040 ## - CATALOGING SOURCE
Transcribing agency RUA
082 ## - DEWEY DECIMAL CLASSIFICATION NUMBER
Classification number AGR KON 2005 B032 Or.1
100 ## - MAIN ENTRY--PERSONAL NAME
9 (RLIN) 800
Personal name KONG NAY
245 ## - TITLE STATEMENT
Title Effect of three kinds of liquid composts on green mustard under condition of greenhouse at royal university of agriculture,(ប្រសិទ្ធភាពជីកំប៉ុស្តទឹកបីប្រភេទលើដំណាំស្ពៃខៀវក្នុងលក្ខខណ្ឌផ្ទះពិសោធន៍ នែសាកលវិទ្យាល័យភូមិន្ទកសិកម្ម)
260 ## - PUBLICATION, DISTRIBUTION, ETC. (IMPRINT)
Place of publication, distribution, etc. phnom penh
Name of publisher, distributor, etc. RUA
Date of publication, distribution, etc. 2005
300 ## - PHYSICAL DESCRIPTION
Extent xi,49p.
Dimensions ill.
Size of unit 29cm.
942 ## - ADDED ENTRY ELEMENTS (KOHA)
Source of classification or shelving scheme
Koha item type AGR
Holdings
Price effective from Date last seen Permanent Location Not for loan Date acquired Source of classification or shelving scheme Koha item type Lost status Withdrawn status Total Renewals Date last checked out Total Checkouts Shelving location Damaged status Barcode Current Location Full call number
2015-09-182016-12-13Library Block B 2015-09-18 AGR   2016-12-074B032 RUA008723Library Block BAGR KON 2005 B032 Or.1
2015-09-182020-01-22Library Block B 2015-09-18 AGR  12020-01-033B032 RUA008579Library Block BAGR KON 2005 B032 Or.2
2019-10-252023-08-23Library Block B 2019-10-25 AGR  22023-08-084B032 A42203Library Block BAGR KON 2005 B032 Or.3
មជ្ឈមណ្ឌលឯការនៃសាកលវិទ្យាល័យភូមិន្ទកសិកម្មចំការដូង

Powered by Koha